000 00522nam a22001937a 4500
003 OSt
005 20150204151338.0
008 150204b xxu||||| |||| 00| 0 eng d
020 _a0874348870
040 _cDNLM
082 _aWG 140 E39a 1997
100 _aAmbrose Lou mary
_92719
245 _aECG interpretation made incredibly easy /
_cAmbrose Lou mary
260 _apennsylvania:
_bSpringhouse
_c1997
300 _avi,282 p:
_bcol.ill;
_c24cm.
504 _aincludes index,
650 _aECG
_92718
942 _2z
_cSLOAN
999 _c1010
_d1010